000
00500nam a2200157Ia 4500
008
090123s9999 xx 000 0 und d
082
_b
311
100
_a
गांधी महात्मा
245
_a
सत्याचे प्रयोग
250
_a
0
600
_a
गांधी महात्मा
630
_a
सत्याचे प्रयोग
700
_a
गांधी महात्मा
730
_a
सत्याचे प्रयोग
942
_c
BOOK
999
_c
38399
_d
38399